000 00357nam a2200133Ia 4500
008 240624s9999 xx 000 0 und d
041 _aeng
082 _a620.001 POT
100 _aPOTTER MERLE C
245 _aADVANCED ENGINEERING MATHEMATICS
260 _c2005
_aNew Delhi
_bOxford University press
300 _axii, : 739 : p. : cm. ; 24
365 _cRS
_b30
999 _c7964
_d7964